Home of The Brave (Record n. 101178)
[ formato base ]
| 000 -LEADER | |
|---|---|
| fixed length control field | 01105njm a2200313Ia 4500 |
| 001 - CONTROL NUMBER | |
| control field | 36950 |
| 003 - CONTROL NUMBER IDENTIFIER | |
| control field | IT-RoPAU |
| 005 - DATE AND TIME OF LATEST TRANSACTION | |
| control field | 20220918181140.0 |
| 008 - FIXED-LENGTH DATA ELEMENTS--GENERAL INFORMATION | |
| fixed length control field | 131025s9999 xx 000 0 und d |
| 040 ## - CATALOGING SOURCE | |
| Original cataloging agency | IT-RoPAU |
| 040 ## - CATALOGING SOURCE | |
| Transcribing agency | IT-RoPAU |
| 041 ## - LANGUAGE CODE | |
| Language code of text/sound track or separate title | INGLESE |
| 999 ## - SYSTEM CONTROL NUMBERS (KOHA) | |
| Koha Dewey Subclass [OBSOLETE] | SI |
| 100 ## - MAIN ENTRY--PERSONAL NAME | |
| Personal name | Anderson Laurie |
| 9 (RLIN) | 1097 |
| 100 ## - MAIN ENTRY--PERSONAL NAME | |
| Relator term | Autore musica |
| 9 (RLIN) | 19452 |
| 100 ## - MAIN ENTRY--PERSONAL NAME | |
| Miscellaneous information | Codice autore musica SPICS: 11861 |
| 9 (RLIN) | 1099 |
| 245 ## - TITLE STATEMENT | |
| Title | Home of The Brave |
| 250 ## - EDITION STATEMENT | |
| Edition statement | 1a ed. |
| 260 ## - PUBLICATION, DISTRIBUTION, ETC. (IMPRINT) | |
| Place of publication, distribution, etc. | USA |
| 260 ## - PUBLICATION, DISTRIBUTION, ETC. (IMPRINT) | |
| Name of publisher, distributor, etc. | WARNER BROS RECORDS |
| Date of publication, distribution, etc. | [1a Ed.:1986 - Ed. Lingua Orig.: 1986] |
| 300 ## - PHYSICAL DESCRIPTION | |
| Extent | DISCO |
| 300 ## - PHYSICAL DESCRIPTION | |
| Dimensions | 35 minuti (Testo: pag.) |
| 500 ## - GENERAL NOTE | |
| General note | Colonna sonora del film "Eroi senza gloria". Canzone. |
| 505 ## - FORMATTED CONTENTS NOTE | |
| Formatted contents note | Smoke Rings - White Lily - Late Show - Talk Normal - Language Is A Virus - Radar - Sharkey's Night - Credit Racket |
| 650 ## - SUBJECT ADDED ENTRY--TOPICAL TERM | |
| Topical term or geographic name as entry element | COLONNA SONORA [DISCHI] |
| Relator term | Codice MATERIA SPICS: 9950 |
| 9 (RLIN) | 19453 |
| 700 ## - ADDED ENTRY--PERSONAL NAME | |
| Personal name | Anderson Laurie |
| Relator term | Autore testo e musica |
| Miscellaneous information | Codice autore testo/musica SPICS: 11861 |
| 9 (RLIN) | 19454 |
| 700 ## - ADDED ENTRY--PERSONAL NAME | |
| Personal name | Anderson Laurie |
| Miscellaneous information | Codice interprete SPICS: 11861 |
| Relator term | Interprete |
| 9 (RLIN) | 19455 |
| 942 ## - ADDED ENTRY ELEMENTS (KOHA) | |
| Koha item type | DISCHI |
| Source of classification or shelving scheme | Dewey Decimal Classification |
| Withdrawn status | Lost status | Damaged status | Not for loan | Home library | Current library | Date acquired | Total Checkouts | Full call number | Date last seen | Price effective from | Koha item type | Public note |
|---|---|---|---|---|---|---|---|---|---|---|---|---|
| Buone Condizioni | Not For Loan | SPICS-MEDIATECA | SPICS-MEDIATECA | 25/10/2013 | 36950 | 25/10/2013 | 25/10/2013 | DISCHI | Progr. Ins.: 13238 / N.Vol.: 1 / Copie: 1 - Copia rara: SI / date import: 01.01.2014 - By Epidotti, Trombetti, Vaglietti |